000 00506nam a2200181Ia 4500
005 20250425160901.0
008 250425s9999 xx 000 0 und d
041 _aspa
082 _a621.833
100 _aLOYARTE URRUTIBEHETY, C. F.
245 0 _aCINEMATICA DE LOS ENGRANAJES: ESTUDIO DE LOS MECANISMOS DE RUEDAS DENTADAS CON NUMEROSOS EJEMPLOS DE APLICACIÓN
250 _a1A ED.
260 _aArgentina
_bGILI
_c1952
260 _aBUENOS AIRES
300 _a234
942 _c01
010 _a7563
999 _c198131
_d198131